|
|
|
|
| LEADER |
00000naa2a2200000 4500 |
| 001 |
609874 |
| 005 |
20260327103215.0 |
| 035 |
|
|
|a (RuTPU)RU\TPU\conf\7408
|
| 035 |
|
|
|a RU\TPU\conf\7402
|
| 090 |
|
|
|a 609874
|
| 100 |
|
|
|a 20141211d2012 k y0rusy50 ca
|
| 101 |
0 |
|
|a rus
|
| 102 |
|
|
|a RU
|
| 135 |
|
|
|a drcn ---uucaa
|
| 181 |
|
0 |
|a i
|
| 182 |
|
0 |
|a b
|
| 200 |
1 |
|
|a Моделирование температурного поля в титане при импульсной обработке
|f Буй Ван Шань
|g науч. рук. Т. В. Коваль
|
| 203 |
|
|
|a Текст
|c электронный
|
| 225 |
1 |
|
|a Математическое моделирование и компьютерный анализ данных
|
| 300 |
|
|
|a Заглавие с титульного экрана
|
| 320 |
|
|
|a [Библиогр.: с. 136 (2 назв.)]
|
| 337 |
|
|
|a Adobe Reader
|
| 463 |
|
0 |
|0 (RuTPU)RU\TPU\conf\6944
|t Молодежь и современные информационные технологии
|o сборник трудов X Международной научно-практической конференции студентов, аспирантов и молодых ученых, г. Томск, 13-16 ноября 2012 г.
|f Национальный исследовательский Томский политехнический университет (ТПУ) ; под ред. Е. А. Сикоры и др.
|v [С. 134-136]
|d 2012
|
| 610 |
1 |
|
|a труды учёных ТПУ
|
| 610 |
1 |
|
|a электронный ресурс
|
| 610 |
1 |
|
|a моделирование
|
| 610 |
1 |
|
|a импульсная обработка
|
| 610 |
1 |
|
|a температурное поле
|
| 610 |
1 |
|
|a титан
|
| 610 |
1 |
|
|a приповерхностные слои
|
| 700 |
|
0 |
|a Буй Ван Шань
|
| 702 |
|
1 |
|a Коваль
|b Т. В.
|c математик, физик
|c профессор Томского политехнического университета, доктор физико-математических наук
|f 1953-
|g Тамара Васильевна
|4 727
|
| 712 |
0 |
2 |
|a Национальный исследовательский Томский политехнический университет (ТПУ)
|b Институт кибернетики (ИК)
|b Кафедра прикладной математики (ПМ)
|3 (RuTPU)RU\TPU\col\18700
|
| 801 |
|
2 |
|a RU
|b 63413507
|c 20141211
|g RCR
|
| 856 |
4 |
|
|u http://www.lib.tpu.ru/fulltext/c/2012/C04/056.pdf
|
| 942 |
|
|
|c BK
|